Apologie de Socrate /
La Apología es la defensa de Sócrates ante las acusaciones en su contra y la decisión de los jueces, donde niega su culpabilidad y justifica su rectitud y estilo de vida en beneficio de la ciudad.
Gespeichert in:
| 1. Verfasser: | |
|---|---|
| Weitere Verfasser: | |
| Format: | Buch |
| Sprache: | Griechisch |
| Ausgabe: | 4a edición |
| Schlagworte: | |
| Tags: |
Keine Tags, Fügen Sie das erste Tag hinzu!
|
MARC
| LEADER | 00000nam^a2200000^a^4500 | ||
|---|---|---|---|
| 001 | 000328054 | ||
| 005 | 20250526000000.0 | ||
| 009 | 20260310113856.003 | ||
| 037 | |a Acervo Xavier Clavigero | ||
| 041 | |a GRI | ||
| 082 | |a 184. |b PLA OBR APO | ||
| 100 | |a Platón |e (autor) | ||
| 240 | 1 | 1 | |a [Apología de Sócrates] |
| 245 | 1 | 0 | |a Apologie de Socrate / |c Platón ; notas de A.F. Maunory. |
| 250 | |a 4a edición |b revisada y aumentada | ||
| 264 | |a París, Francia : |b Librairie Vve. Ch. Poussielgue, |c 1905 | ||
| 300 | |a 88 p. ; |c 18.0 cm. | ||
| 336 | |a texto |b txt |2 rdacontenido | ||
| 337 | |a sin mediación |b n |2 rdamedio | ||
| 338 | |a volumen |b nc |2 rdasoporte | ||
| 520 | |a La Apología es la defensa de Sócrates ante las acusaciones en su contra y la decisión de los jueces, donde niega su culpabilidad y justifica su rectitud y estilo de vida en beneficio de la ciudad. | ||
| 545 | 0 | |a Platón (427-347 a.C.), filósofo griego nacido en Atenas. En el año 387 a.C. fundó en su ciudad natal la Academia, considerada la primera escuela docente de filosofía. Su pensamiento se recoge en los aproximadamente 30 diálogos y cartas que escribió, los cuales se clasifican en cuatro etapas: de la juventud o influjo socrático, de la transición, de la madurez y de la vejez. Su pensamiento plantea la aspiración del hombre por el conocimiento, el bien, la armonía con la ciudad y su relación con lo divino; en consecuencia sus diálogos abordan principalmente temáticas de epistemología, ética, estética, cosmología, educación y política. | |
| 649 | |a XX | ||
| 650 | |a Filósofos Griegos | ||
| 650 | |a Apologética | ||
| 650 | |a Etica | ||
| 650 | |a Diálogos Griegos - |x Tema Principal | ||
| 650 | |a Literatura Griega | ||
| 650 | |a Literatura Clásica | ||
| 650 | |a Escuela Platónica (Academia) - |x Tema Principal | ||
| 650 | |a Socráticos | ||
| 650 | |a Filosofía Griega | ||
| 650 | |a Filosofía Clásica | ||
| 650 | |a Sócrates - |x Tema Principal | ||
| 700 | |a Maunoury, Auguste-François |e (notas) | ||
| 910 | |a Fondo General | ||
| 920 | |a Impresos - Libros | ||
| 930 | |a Libros Antiguos y Raros | ||
| 905 | |a 108 | ||
| 901 | |a 015769 |b IT2 |c LRA |u 20250526 | ||
| 901 | |a 031588 |b IT2 |c LRA |u 20250526 | ||
| 901 | |a 015726 |b IT2 |c LRA |u 20250526 | ||
| 901 | |a 015743 |b IT2 |c LRA |u 20250526 | ||
| 901 | |a 015744 |b IT2 |c LRA |u 20250526 | ||
| 901 | |a 015723 |b IT2 |c LRA |u 20250526 | ||
| 901 | |a 015725 |b IT2 |c LRA |u 20250526 | ||
| 901 | |a 015724 |b IT2 |c LRA |u 20250526 | ||
| 901 | |a 015721 |b IT2 |c LRA |u 20250526 | ||
| 902 | |a https://opac.biblio.iteso.mx/vufind/Record/000328054 | ||